000 00722nam a2200289Ia 4500
005 20260324132706.0
008 008 260324s9999 xx 000 0 eng d
020 _a9781410610768
037 _aEBOOK
040 _aCRL
040 _beng
040 _cCRL
041 _2eng
041 _aeng
084 _qCRL
100 _aCynthia L. Selfe; Gail E. Hawisher
_91190254
245 0 _aLiterate Lives in the Information Age
245 0 _bNarratives of Literacy From the United States
260 _bTaylor and Francis
260 _c2004
365 _a
365 _b240
856 _uhttp://www.taylorfrancis.com/books/9781410610768
942 _cEBOOK
999 _c1788576
_d1788576